| 000 | 01216cam a22003014a 4500 | ||
|---|---|---|---|
| 001 | 13735027 | ||
| 005 | 20260311155819.0 | ||
| 008 | 040929s2006 maua b 001 0 eng | ||
| 020 |
_a0072957395 _qtext : alk. paper |
||
| 020 |
_a0073132616 _qpkg. : alk. paper |
||
| 020 |
_a9780072957396 _q(text : alk. paper) |
||
| 020 |
_a9780073132617 _q(pkg. : alk. paper) |
||
| 050 | 0 | 0 |
_aHG181 _b.R66 2006 |
| 082 | 0 | 0 |
_a332/.0973 _222 |
| 100 | 1 | _aRose, Peter S. | |
| 245 | 1 | 0 |
_aMoney and capital markets : _bfinancial institutions and instruments in a global marketplace / _cPeter S. Rose, Milton H. Marquis. |
| 250 | _a9th ed. | ||
| 260 |
_aBoston : _bMcGraw-Hill/Irwin, _cc2006. |
||
| 300 |
_axxxiv, 779 p. : _bill. ; _c26 cm. |
||
| 440 | 4 | _aThe McGraw-Hill/Irwin series in finance, insurance, and real estate | |
| 650 | 0 |
_aFinance _zUnited States. |
|
| 650 | 0 |
_aMoney market _zUnited States. |
|
| 650 | 0 |
_aCapital market _zUnited States. |
|
| 700 | 1 |
_aMarquis, Milton H., _d1948- |
|
| 856 | 4 | 2 |
_3Publisher description _uhttp://www.loc.gov/catdir/enhancements/fy0617/2004042323-d.html |
| 856 | 4 | 1 |
_3Table of contents only _uhttp://www.loc.gov/catdir/enhancements/fy0617/2004042323-t.html |
| 942 |
_2lcc _cBK _e9th Ed. _n0 |
||
| 999 |
_c8933 _d8933 |
||